| 000 | 00610cam a2200193 a 4500 | ||
|---|---|---|---|
| 020 |
_a1565840011 (cloth) : _c$29.95 |
||
| 020 | _a156584002X (special ed. for ACLU distribution) | ||
| 050 | 0 | 0 |
_aRA644.A25 _bA33 1992 |
| 245 | 0 | 0 |
_aAIDS agenda : _bemerging issues in civil rights / _cedited by Nan D. Hunter and William B. Rubenstein. |
| 250 | _a1st ed. | ||
| 260 |
_aNew York : _bNew Press, _cc1992. |
||
| 300 | _axv, 301 p. ; | ||
| 650 | 0 | _xLaw and legislation | |
| 650 | 0 | _xSocial aspects | |
| 650 | 0 | _xGovernment policy | |
| 700 | 1 | _aHunter, Nan D. | |
| 700 | 1 | _aRubenstein, William B. | |
| 942 |
_2lcc _cGEN |
||
| 999 |
_c6335 _d6335 |
||